| 000 | 00931nam a2200289 a 4500 | ||
|---|---|---|---|
| 001 | BRCA_4546 | ||
| 005 | 20190320204719.0 | ||
| 008 | 220910s1943----enka######---#000-0#eng-# | ||
| 041 | _aeng | ||
| 044 | _aenk | ||
| 050 | 4 |
_aNK1125 _b.F75 1943 |
|
| 100 | 1 |
_aFriedländer, J. Max _d1867-1958 _911514 |
|
| 245 | 1 | 0 |
_aOn Art and Connoisseurship _cby Max J. Friedländer. |
| 250 | _a2 | ||
| 260 |
_aLondres _bBruno Cassirer _c1943 |
||
| 300 |
_a284 p. _bil. _c22 cm. |
||
| 500 | _aIncluye índice de ilustraciones e índice analítico | ||
| 500 | _aTranslated from the author’s manuscript by Tancred Borenius | ||
| 500 | _aEn la anteportada incluye una nota de entrega | ||
| 500 | _aIncluye 40 ilustraciones | ||
| 500 | _aD19 | ||
| 650 | 1 | 4 |
_aArte _xColeccionistas y colecciones _97445 |
| 650 | 1 | 4 |
_aFalsificación de obras de arte _97762 |
| 700 | 1 |
_aBorenius, Tancred _d1885-1948 _911515 |
|
| 902 | _aGFM | ||
| 942 |
_2lcc _cB |
||
| 999 |
_c4252 _d4252 |
||